Least Populous Countries Excluding the Smallest by Area - Statistics

General Stats
  • This quiz has been taken 25 times
  • The average score is 11 of 20
Answer Stats
Population Country % Correct
933,294 Fiji
73%
398,293 Iceland
73%
403,147 Bahamas
68%
797,294 Bhutan
68%
136,147 Kiribati
68%
219,147 Samoa
68%
840,321 Solomon Islands
68%
836,294 Guyana
64%
104,000 Tonga
64%
335,587 Vanuatu
64%
680,587 Luxembourg
59%
640,440 Suriname
59%
423,440 Belize
55%
466,293 Brunei
50%
527,293 Cape Verde
50%
66,000 Dominica
50%
884,174 Comoros
41%
1,185,174 Djibouti
32%
240,440 São Tomé and Principe
32%
632,266 Montenegro
23%
No matching quizzes found
Score Distribution
Percent of People with Each Score
Percentile by Number Answered
Your Score History
You have not taken this quiz